Sports Quiz

Random Sports or Soccer Quiz

Dortmund Roster 2017-18 Quiz Stats

 Plays Quiz not verified by Sporcle

Also try: Cricket Outs
Challenge
Share
Tweet
Embed
Score 0/32 Timer 10:00
0 Plays Today
Number Player % Correct
11Marco Reus
91.1%
25Sokratis
91.1%
1Roman Weidenfeller
89.3%
22Christian Pulisic
89.3%
17Pierre-Emerick Aubameyang
87.5%
23Shinji Kagawa
87.5%
38Roman Burki
85.7%
10Mario Gotze
80.4%
5Marc Bartra
76.8%
8Nuri Sahin
76.8%
7Ousman Dembele
73.2%
29Marcel Schmelzer
71.4%
4Neven Subotic
69.6%
27Gonzalo Castro
69.6%
13Raphael Guerreiro
67.9%
26Lukasz Piszczek
64.3%
Number Player % Correct
9Emre Mor
60.7%
33Julian Weigl
57.1%
3Joo-ho Park
53.6%
21Andre Schurrle
50%
14Alexander Isak
48.2%
37Erik Durm
48.2%
36Omer Toprak
44.6%
24Mikel Merino
42.9%
2Dan-Axel Zagadou
35.7%
30Felix Passlack
35.7%
20Maximilian Philipp
26.8%
18Sebastian Rode
25%
19Mahmoud Dahoud
25%
34Jacob Bruun Larsen
25%
35Dominik Reimann
7.1%
39Hendrik Bonmann
7.1%

You're not logged in!

Compare scores with friends on all Sporcle quizzes.
Join for Free
OR
Log In

You Might Also Like...

Show Comments

Extras

Top Quizzes Today


Score Distribution

Your Account Isn't Verified!

In order to create a playlist on Sporcle, you need to verify the email address you used during registration. Go to your Sporcle Settings to finish the process.

Report this User

Report this user for behavior that violates our Community Guidelines.

Details: